Statistics for FIFA 17 Premier League Top 10 Center Attacking Midfielders

Click here to take the quiz!

General Stats

  • This quiz has been taken 98 times
  • The average score is 7 of 10

Answer Stats

Rank Player OVA % Correct
2Kevin De Bruyne88
94%
1Mesut Özil89
92%
3David Silva87
82%
5Philippe Coutinho85
68%
7Juan Mata84
68%
8Christian Eriksen84
67%
9Oscar83
65%
6Wayne Rooney84
49%
4Santi Cazorla86
42%
10Gylfi Sigurdsson82
23%

Score Distribution

Percentile by Number Answered

Percent of People with Each Score

Your Score History

You have not taken this quiz